[Event "Zonal 3.3 Online"]
[Site "Tornelo INT"]
[Date "2021.05.09"]
[Round "9"]
[White "Arfan, Aditya Bagus"]
[Black "Lim, Wei Sheng"]
[Result "1-0"]
[WhiteElo "2274"]
[BlackElo "1814"]
[PlyCount "65"]
[EventDate "2021.05.01"]
[EventType "swiss"]
[EventRounds "9"]
[EventCountry "PHI"]
[SourceTitle "CBM 202 Extra"]
[Source "ChessBase"]
[SourceDate "2021.07.31"]
[SourceVersion "1"]
[SourceVersionDate "2021.07.31"]
[SourceQuality "1"]

1. e4 c5 2. Nf3 d6 3. d4 cxd4 4. Nxd4 Nf6 5. Nc3 a6 6. f3 e5 7. Nb3 Be6 8. Be3 Nbd7 9. g4 Nb6 10. Qd2 Be7 11. 0-0-0 0-0 12. h4 Qc7 13. h5 Rfd8 14. g5 Nfd7 15. g6 Nf6 16. h6 fxg6 17. hxg7 Kxg7 18. Bxb6 Qxb6 19. Qh6+ Kg8 20. Bh3 Bxh3 21. Qxh3 Qe3+ 22. Kb1 Kf8 23. Qe6 h5 24. Nd5 Nxd5 25. exd5 Qg5 26. Rdg1 Qf6 27. Rxg6 Qxe6 28. dxe6 Ke8 29. Rxh5 Bf8 30. Rh7 d5 31. Rg8 Rd6 32. Rf7 Rxe6 33. Rgxf8# 1-0

[Event "Zonal 3.3 Online"]
[Site "Tornelo INT"]
[Date "2021.05.05"]
[Round "5"]
[White "Umayan, Gabriel John"]
[Black "Lim, Wei Sheng"]
[Result "0-1"]
[WhiteElo "1524"]
[BlackElo "1814"]
[PlyCount "108"]
[EventDate "2021.05.01"]
[EventType "swiss"]
[EventRounds "9"]
[EventCountry "PHI"]
[SourceTitle "CBM 202 Extra"]
[Source "ChessBase"]
[SourceDate "2021.07.31"]
[SourceVersion "1"]
[SourceVersionDate "2021.07.31"]
[SourceQuality "1"]

1. d4 Nf6 2. c4 g6 3. Nc3 d5 4. cxd5 Nxd5 5. e4 Nxc3 6. bxc3 Bg7 7. Bf4 0-0 8. Bc4 c5 9. Ne2 Nc6 10. Be3 Qa5 11. 0-0 Rd8 12. Qb3 e6 13. Rfd1 cxd4 14. cxd4 Qb4 15. Rab1 Qxb3 16. axb3 Bd7 17. b4 Be8 18. f4 Rac8 19. Ba2 Bf8 20. d5 Nxb4 21. Bb3 exd5 22. exd5 b6 23. Ra1 Rc7 24. Bd4 Bb5 25. Nc3 Bc4 26. Bxc4 Rxc4 27. Ne4 Bg7 28. Nf6+ Kh8 29. Be5 a5 30. Ng4 Rxd5 31. Rxd5 Nxd5 32. Rd1 Rc5 33. Ne3 Bxe5 34. Nxd5 Bc7 35. Nxc7 Rxc7 36. Rd8+ Kg7 37. Rb8 Rc6 38. Kf2 a4 39. Ke3 Rc3+ 40. Kd2 Rb3 41. Kc2 b5 42. Rb6 b4 43. Ra6 Rc3+ 44. Kd2 a3 45. Ra4 Rb3 46. g3 Rb2+ 47. Kc1 Rxh2 48. Rxb4 a2 49. Ra4 Rh1+ 50. Kb2 a1Q+ 51. Rxa1 Rxa1 52. Kxa1 Kf6 53. Kb2 Kf5 54. Kc2 Kg4 0-1

[Event "Zonal 3.3 Online"]
[Site "Tornelo INT"]
[Date "2021.05.02"]
[Round "2"]
[White "Lim, Wei Sheng"]
[Black "Poh, Yu Tian"]
[Result "0-1"]
[WhiteElo "1814"]
[BlackElo "2081"]
[PlyCount "146"]
[EventDate "2021.05.01"]
[EventType "swiss"]
[EventRounds "9"]
[EventCountry "PHI"]
[SourceTitle "CBM 202 Extra"]
[Source "ChessBase"]
[SourceDate "2021.07.31"]
[SourceVersion "1"]
[SourceVersionDate "2021.07.31"]
[SourceQuality "1"]

1. d4 Nf6 2. Nf3 g6 3. c4 Bg7 4. g3 d5 5. cxd5 Nxd5 6. Bg2 Nb6 7. 0-0 Nc6 8. e3 0-0 9. Nc3 Re8 10. Qe2 e5 11. dxe5 Nxe5 12. Nxe5 Bxe5 13. Rd1 Qe7 14. Bd2 c6 15. f4 Bd4 16. Re1 Bg7 17. e4 Be6 18. b3 Qc5+ 19. Kh1 Rad8 20. Rac1 Qd4 21. Be3 Qb4 22. e5 Bf5 23. Red1 Rxd1+ 24. Qxd1 h5 25. Qd4 Qxd4 26. Bxd4 Rd8 27. Bxb6 axb6 28. Rd1 Rxd1+ 29. Nxd1 f6 30. exf6 Bxf6 31. Ne3 Bb1 32. a3 b5 33. a4 Bd4 34. Nf1 bxa4 35. bxa4 Bc2 36. a5 Bd3 37. Nd2 Bc3 38. Ne4 Bb4 39. h3 Be2 40. Kg1 Bxa5 41. Kf2 Ba6 42. f5 gxf5 43. Nf6+ Kf7 44. Nxh5 Bb6+ 45. Kf3 Bc7 46. Ke3 Be5 47. g4 fxg4 48. hxg4 c5 49. Ke4 Bd4 50. Nf4 b5 51. Bf1 Bb7+ 52. Kd3 Be5 53. Bg2 c4+ 54. Kc2 Bxg2 55. Nxg2 b4 56. Ne1 b3+ 57. Kb1 Ke6 58. Kc1 Kd5 59. g5 Bf4+ 60. Kb1 Bxg5 61. Kb2 Bf6+ 62. Kb1 Ke4 63. Ng2 c3 64. Ne1 Bh4 65. Ng2 c2+ 66. Kb2 Bg5 67. Kxb3 c1Q 68. Kb4 Be7+ 69. Kb5 Qc5+ 70. Ka6 Qb4 71. Ka7 Bc5+ 72. Ka8 Qb6 73. Nf4 Qa7# 0-1

[Event "Asia Nations online Cup"]
[Site "Chess.com INT"]
[Date "2020.10.18"]
[Round "8.12"]
[White "Khader, Aram"]
[Black "Lim, Wei Sheng"]
[Result "1/2-1/2"]
[WhiteElo "2074"]
[BlackElo "1870"]
[PlyCount "119"]
[EventDate "2020.10.10"]
[EventType "team-swiss (rapid)"]
[EventRounds "9"]
[EventCountry "IND"]
[SourceTitle "CBM 198 Extra"]
[Source "ChessBase"]
[SourceDate "2020.11.30"]
[SourceVersion "1"]
[SourceVersionDate "2020.11.30"]
[SourceQuality "1"]
[WhiteTeam "Syria"]
[BlackTeam "Malaysia"]
[WhiteTeamCountry "SYR"]
[BlackTeamCountry "MAS"]

1. e4 c5 2. Nf3 e6 3. d4 cxd4 4. Nxd4 Nf6 5. Nc3 d6 6. Bd3 a6 7. 0-0 Qc7 8. Qe2 Nbd7 9. Bd2 b5 10. Kh1 Bb7 11. f4 Be7 12. Rae1 0-0 13. e5 Nd5 14. exd6 Qxd6 15. Ne4 Qb6 16. c3 b4 17. Rf3 N7f6 18. Rh3 g6 19. Ng5 Rac8 20. Bb1 bxc3 21. bxc3 Nxc3 22. Bxc3 Rxc3 23. Rxc3 Bb4 24. Rd3 Bxe1 25. Qxe1 Rd8 26. Nb3 Rxd3 27. Bxd3 Ng4 28. Nh3 Qc6 29. Bf1 Qc2 30. Qd2 Qb1 31. Kg1 Bd5 32. Nf2 Nxh2 33. Kxh2 Qxf1 34. Nh3 h5 35. Ng1 h4 36. Nd4 Qc4 37. Ngf3 Qxa2 38. Qxa2 Bxa2 39. Nxh4 Bc4 40. Kg3 a5 41. Nc2 a4 42. Na3 Bb3 43. Nf3 Kg7 44. Kf2 Kf6 45. g4 Bd5 46. Ke3 Bxf3 47. Kxf3 e5 48. Nc4 exf4 49. Kxf4 Ke6 50. Ke3 Kd5 51. Nb6+ Ke5 52. Nxa4 f5 53. g5 f4+ 54. Kf3 Kf5 55. Nc5 Kxg5 56. Ne6+ Kf5 57. Nxf4 g5 58. Nh3 g4+ 59. Kg3 gxh3 60. Kxh3 1/2-1/2

[Event "Asia Nations online Cup"]
[Site "Chess.com INT"]
[Date "2020.10.18"]
[Round "7.10"]
[White "Lim, Wei Sheng"]
[Black "Khumnorkaew, Tupfah"]
[Result "0-1"]
[WhiteElo "1870"]
[BlackElo "2099"]
[PlyCount "108"]
[EventDate "2020.10.10"]
[EventType "team-swiss (rapid)"]
[EventRounds "9"]
[EventCountry "IND"]
[SourceTitle "CBM 198 Extra"]
[Source "ChessBase"]
[SourceDate "2020.11.30"]
[SourceVersion "1"]
[SourceVersionDate "2020.11.30"]
[SourceQuality "1"]
[WhiteTeam "Malaysia"]
[BlackTeam "Thailand"]
[WhiteTeamCountry "MAS"]
[BlackTeamCountry "THA"]

1. d4 Nf6 2. c4 e6 3. Nf3 d5 4. Nc3 a6 5. cxd5 exd5 6. Bg5 c6 7. e3 Be7 8. Bd3 Ne4 9. Bf4 f5 10. 0-0 Nd7 11. Ne5 Nxe5 12. Bxe5 0-0 13. f3 Ng5 14. Qc2 Bd6 15. Bxd6 Qxd6 16. h4 Ne6 17. Bxf5 g6 18. Bd3 Ng7 19. Qf2 Bd7 20. Ne2 Rae8 21. Nf4 Re7 22. Rae1 Rfe8 23. g3 Bf5 24. g4 Bc8 25. Kg2 Qb4 26. Re2 Qa5 27. a3 Qb6 28. Rfe1 Qc7 29. Qg3 Qb6 30. Kh1 a5 31. h5 g5 32. Nh3 Ne6 33. Qf2 Qb3 34. Bf5 h6 35. Kg1 Nxd4 36. Rd2 Nxf5 37. gxf5 Bxf5 38. Kh2 Rxe3 39. Rxe3 Qxe3 40. Qxe3 Rxe3 41. Ng1 Kf7 42. Kg2 Rb3 43. Kf2 g4 44. f4 g3+ 45. Kg2 Be4+ 46. Kh3 Kf6 47. Ne2 g2+ 48. Kh2 Rf3 49. a4 Rf1 50. Ng1 Kf5 51. Re2 c5 52. Rd2 d4 53. Re2 d3 54. Rd2 c4 0-1

[Event "Asia Nations online Cup"]
[Site "Chess.com INT"]
[Date "2020.10.16"]
[Round "4.16"]
[White "Lim, Wei Sheng"]
[Black "Alothman, Salem"]
[Result "1-0"]
[WhiteElo "1870"]
[BlackElo "1558"]
[PlyCount "35"]
[EventDate "2020.10.10"]
[EventType "team-swiss (rapid)"]
[EventRounds "9"]
[EventCountry "IND"]
[SourceTitle "CBM 198 Extra"]
[Source "ChessBase"]
[SourceDate "2020.11.30"]
[SourceVersion "1"]
[SourceVersionDate "2020.11.30"]
[SourceQuality "1"]
[WhiteTeam "Malaysia"]
[BlackTeam "Kuwait"]
[WhiteTeamCountry "MAS"]
[BlackTeamCountry "KUW"]

1. d4 d5 2. c4 e6 3. Nc3 c5 4. cxd5 exd5 5. Nf3 Nc6 6. g3 Nf6 7. Bg2 Be7 8. 0-0 0-0 9. a3 a6 10. dxc5 Bxc5 11. b4 Ba7 12. Bg5 Be6 13. e3 d4 14. exd4 Nxd4 15. Ne4 Nxf3+ 16. Qxf3 Bd4 17. Rad1 Bg4 18. Nxf6+ 1-0

[Event "Penang op 8th"]
[Site "Penang"]
[Date "2016.12.09"]
[Round "7"]
[White "Lim, Wei Sheng"]
[Black "Abdullah, Mohd Kamal"]
[Result "1/2-1/2"]
[WhiteElo "1865"]
[BlackElo "2117"]
[PlyCount "118"]
[EventDate "2016.12.05"]
[EventType "swiss"]
[EventRounds "9"]
[EventCountry "MAS"]
[SourceTitle "CBM 176 Extra"]
[Source "ChessBase"]
[SourceDate "2017.03.02"]
[SourceVersion "1"]
[SourceVersionDate "2017.03.02"]
[SourceQuality "1"]

1. e4 c5 2. Nf3 Nc6 3. d4 cxd4 4. Nxd4 g6 5. c4 Bg7 6. Be3 Nf6 7. Nc3 Ng4 8. Qxg4 Nxd4 9. Qd1 Ne6 10. Qd2 Qa5 11. Rc1 b6 12. f3 Bb7 13. Be2 d6 14. 0-0 0-0 15. Rc2 Rfd8 16. b3 Rac8 17. Rfc1 h5 18. Rb1 Bxc3 19. Rxc3 b5 20. b4 Qc7 21. Rbc1 bxc4 22. Bxc4 Qd7 23. Qd3 a6 24. Bxa6 Bxa6 25. Qxa6 Ra8 26. Qc4 Ra4 27. R1c2 Qb7 28. Rb3 Rda8 29. Rbb2 Rb8 30. Kf2 Rxb4 31. Rxb4 Qxb4 32. Qxb4 Rxb4 33. Rc8+ Kg7 34. Ra8 Rb2+ 35. Kg3 f5 36. exf5 gxf5 37. f4 d5 38. Ra6 Kf7 39. Ra5 Kf6 40. Ra6 Kf7 41. Ra5 Kf6 42. Rxd5 Rxa2 43. Bd4+ Kg6 44. Be5 Ra3+ 45. Kf2 Ra2+ 46. Kf3 Ra3+ 47. Kf2 Ra4 48. Kf3 Re4 49. h4 Kf7 50. Ra5 Rb4 51. Rd5 Rc4 52. Ra5 Nc5 53. Bd4 Ne6 54. Be5 Rb4 55. Rd5 Rb1 56. Kg3 Nf8 57. Kf3 Ng6 58. g3 Rb3+ 59. Kf2 Rb1 1/2-1/2

[Event "Penang op 8th"]
[Site "Penang"]
[Date "2016.12.08"]
[Round "6"]
[White "Wika, Hardiyanto"]
[Black "Lim, Wei Sheng"]
[Result "1/2-1/2"]
[WhiteElo "2071"]
[BlackElo "1865"]
[PlyCount "50"]
[EventDate "2016.12.05"]
[EventType "swiss"]
[EventRounds "9"]
[EventCountry "MAS"]
[SourceTitle "CBM 176 Extra"]
[Source "ChessBase"]
[SourceDate "2017.03.02"]
[SourceVersion "1"]
[SourceVersionDate "2017.03.02"]
[SourceQuality "1"]

1. d4 Nf6 2. Nf3 e6 3. c4 Bb4+ 4. Bd2 Qe7 5. a3 Bxd2+ 6. Nbxd2 d6 7. g3 0-0 8. Bg2 e5 9. e3 e4 10. Ng5 Re8 11. b4 h6 12. Ngxe4 Ng4 13. h3 Nxf2 14. Kxf2 f5 15. Qh5 fxe4 16. Qd5+ Kh8 17. Qxe4 Qf7+ 18. Qf4 Qe7 19. Ke2 Nd7 20. Qe4 Qf7 21. Rhf1 Nf6 22. Qf4 Bxh3 23. Bxh3 Qh5+ 24. Kd3 Qxh3 25. Rh1 Qg4 1/2-1/2

[Event "Penang op 8th"]
[Site "Penang"]
[Date "2016.12.07"]
[Round "5"]
[White "Lim, Wei Sheng"]
[Black "Eng, Jia Qian"]
[Result "1-0"]
[WhiteElo "1865"]
[BlackElo "1583"]
[PlyCount "149"]
[EventDate "2016.12.05"]
[EventType "swiss"]
[EventRounds "9"]
[EventCountry "MAS"]
[SourceTitle "CBM 176 Extra"]
[Source "ChessBase"]
[SourceDate "2017.03.02"]
[SourceVersion "1"]
[SourceVersionDate "2017.03.02"]
[SourceQuality "1"]

1. e4 c6 2. d4 d5 3. f3 e6 4. Nc3 Bb4 5. Bf4 Nf6 6. Qd3 Bxc3+ 7. bxc3 b6 8. Qe3 h6 9. Bd3 Nh5 10. Ne2 Nxf4 11. Nxf4 0-0 12. 0-0 Ba6 13. e5 Bxd3 14. Nxd3 Nd7 15. f4 c5 16. f5 exf5 17. Rxf5 Qe7 18. Nf4 cxd4 19. cxd4 Rac8 20. Nxd5 Qe6 21. Qe4 Qe8 22. Raf1 Qe6 23. a3 Rfd8 24. Nf4 Qc4 25. Qd3 Qxd3 26. Nxd3 Re8 27. Nb4 g6 28. R5f4 a5 29. Nd5 Rxc2 30. Nf6+ Nxf6 31. Rxf6 Re2 32. Rxb6 Rc8 33. Rbf6 Rcc2 34. R6f2 Rxf2 35. Rxf2 Rc1+ 36. Rf1 Rc2 37. Rd1 Rc3 38. d5 Kf8 39. Rf1 Ke7 40. Rf3 Rc1+ 41. Kf2 Rd1 42. d6+ Ke6 43. Ke2 Rd5 44. Re3 Rb5 45. h3 Rd5 46. g4 Rc5 47. Kd2 h5 48. Kd3 hxg4 49. hxg4 Rd5+ 50. Kc4 f6 51. exf6+ Kxd6 52. Rd3 Rxd3 53. Kxd3 g5 54. Kc4 Ke6 55. Kb5 Kxf6 56. Kxa5 Ke5 57. Kb5 Kf4 58. a4 Kxg4 59. a5 Kh3 60. a6 g4 61. a7 g3 62. a8Q g2 63. Qh8+ Kg3 64. Qg7+ Kf2 65. Qf6+ Kg3 66. Qg5+ Kf2 67. Qf4+ Ke2 68. Qg3 Kf1 69. Qf3+ Kg1 70. Kc4 Kh2 71. Qh5+ Kg3 72. Qg5+ Kf2 73. Qf4+ Ke2 74. Qg3 Kf1 75. Qf3+ 1-0

[Event "Penang op 8th"]
[Site "Penang"]
[Date "2016.12.06"]
[Round "3"]
[White "Lim, Wei Sheng"]
[Black "Ahmad Nazari, Emir Rusyaidi"]
[Result "1-0"]
[WhiteElo "1865"]
[BlackElo "1953"]
[PlyCount "74"]
[EventDate "2016.12.05"]
[EventType "swiss"]
[EventRounds "9"]
[EventCountry "MAS"]
[SourceTitle "CBM 176 Extra"]
[Source "ChessBase"]
[SourceDate "2017.03.02"]
[SourceVersion "1"]
[SourceVersionDate "2017.03.02"]
[SourceQuality "1"]

1. e4 c6 2. d4 d5 3. f3 g6 4. Nc3 Bg7 5. Be3 dxe4 6. fxe4 Nf6 7. Nf3 Qb6 8. Rb1 Ng4 9. Bg1 Qc7 10. e5 0-0 11. h3 Nh6 12. Bd3 Be6 13. Bf2 f6 14. exf6 exf6 15. 0-0 Nd7 16. Re1 Bf7 17. a3 Nb6 18. Ne4 Rae8 19. Bg3 Qd7 20. Nc5 Qc8 21. Qd2 Bd5 22. Ne4 Qd7 23. Bf2 Nf7 24. Qa5 Bxe4 25. Bxe4 Qc7 26. c4 Qf4 27. Bd3 Ng5 28. Qxa7 Nxf3+ 29. gxf3 Nc8 30. Qxb7 Qxf3 31. Rxe8 Rxe8 32. Bf1 h5 33. Qd7 Rf8 34. Bg2 Qd3 35. Re1 Kh7 36. Qxc6 f5 37. a4 Bxd4 1-0

[Event "Penang op 8th"]
[Site "Penang"]
[Date "2016.12.05"]
[Round "1"]
[White "Lim, Wei Sheng"]
[Black "Ramnath, Bhuvanesh R"]
[Result "0-1"]
[WhiteElo "1865"]
[BlackElo "2297"]
[PlyCount "70"]
[EventDate "2016.12.05"]
[EventType "swiss"]
[EventRounds "9"]
[EventCountry "MAS"]
[SourceTitle "CBM 176 Extra"]
[Source "ChessBase"]
[SourceDate "2017.03.02"]
[SourceVersion "1"]
[SourceVersionDate "2017.03.02"]
[SourceQuality "1"]

1. e4 c5 2. Nf3 Nc6 3. d4 cxd4 4. Nxd4 e5 5. Nb5 d6 6. c4 Be7 7. N1c3 a6 8. Na3 f5 9. Bd3 f4 10. Nc2 Nf6 11. g3 0-0 12. f3 Bh3 13. Bf1 Be6 14. Kf2 Qd7 15. Nd5 Bd8 16. gxf4 exf4 17. Nxf4 Nxe4+ 18. Kg2 Nf6 19. Nxe6 Qxe6 20. Be3 Ne5 21. Nd4 Qf7 22. h3 d5 23. c5 Qg6+ 24. Kh2 Bc7 25. Bf4 Nh5 26. Rg1 Qf6 27. Bg3 Nxg3 28. Rxg3 Nxf3+ 29. Nxf3 Qxf3 30. Qxf3 Rxf3 31. Bg2 Bxg3+ 32. Kg1 Rd3 33. Bf1 Rd2 34. b4 Rf8 35. a4 Be5 0-1

[Event "Penang op 7th"]
[Site "Penang"]
[Date "2015.12.09"]
[Round "4"]
[White "Lim, Wei Sheng"]
[Black "Kurniawan, Muhamad Agus"]
[Result "0-1"]
[WhiteElo "1902"]
[BlackElo "2062"]
[PlyCount "122"]
[EventDate "2015.12.07"]
[EventType "swiss"]
[EventRounds "9"]
[EventCountry "MAS"]
[SourceTitle "CBM 169 Extra"]
[Source "ChessBase"]
[SourceDate "2015.12.18"]
[SourceVersion "1"]
[SourceVersionDate "2015.12.18"]
[SourceQuality "1"]

1. e4 c5 2. Nc3 e6 3. g3 a6 4. Bg2 Nc6 5. d3 b5 6. Be3 Bb7 7. Qd2 d6 8. Nge2 Nf6 9. 0-0 Ng4 10. h3 Nxe3 11. fxe3 Be7 12. Nf4 0-0 13. Nd1 Bf6 14. c3 g6 15. Nf2 Bg7 16. d4 Qe7 17. Rad1 Rfd8 18. h4 a5 19. Bh3 a4 20. d5 Ne5 21. Qe2 exd5 22. Nxd5 Bxd5 23. Rxd5 Nc4 24. Rfd1 a3 25. b3 Nb6 26. R5d3 c4 27. bxc4 bxc4 28. R3d2 Bxc3 29. Rc2 Be5 30. Qf3 h5 31. Rb1 Rab8 32. Bf1 c3 33. Rb3 Qa7 34. Nd1 Rdc8 35. Nxc3 Na4 36. Nb5 Rxc2 37. Nxa7 Rxb3 38. axb3 a2 39. Qd1 Rb2 40. bxa4 Rb1 41. Qf3 a1Q 42. Nc6 Bxg3 43. Ne7+ Kg7 44. Nf5+ gxf5 45. Qxg3+ Kh7 46. Qf3 Qg7+ 47. Kh2 Qg4 48. Qxg4 fxg4 49. Bd3 Rb2+ 50. Kg3 Kg7 51. Kf4 Rf2+ 52. Kg3 Rf3+ 53. Kg2 Rxe3 54. Bf1 Rxe4 55. a5 Ra4 56. a6 Ra3 57. Bc4 f5 58. Kf2 f4 59. Kg2 Kf6 60. Bb5 Ra2+ 61. Kg1 f3 0-1

[Event "Penang op-B 6th"]
[Site "Penang"]
[Date "2014.12.11"]
[Round "7"]
[White "Lim, Wei Sheng"]
[Black "Noor Akbar, Muhd Aziz Farhan"]
[Result "1/2-1/2"]
[WhiteElo "1837"]
[BlackElo "1825"]
[PlyCount "139"]
[EventDate "2014.12.08"]
[EventType "swiss"]
[EventRounds "9"]
[EventCountry "MAS"]
[SourceTitle "EXT 2016"]
[Source "ChessBase"]
[SourceDate "2015.10.08"]
[SourceVersion "1"]
[SourceVersionDate "2015.10.08"]
[SourceQuality "1"]

1. e4 c5 2. Nc3 g6 3. f4 Bg7 4. Nf3 Nc6 5. d3 e6 6. g3 Nge7 7. Bg2 0-0 8. 0-0 d5 9. e5 a6 10. Kh1 b5 11. Bd2 Bb7 12. Ne2 Rc8 13. Qe1 Qd7 14. g4 f6 15. exf6 Bxf6 16. Rb1 e5 17. fxe5 Nxe5 18. Bh6 Nxf3 19. Bxf3 Bg7 20. Bxg7 Kxg7 21. Ng3 Nc6 22. Qe3 Nd4 23. Qe5+ Kg8 24. Bg2 Rce8 25. Qg5 Ne6 26. Qh6 c4 27. Rbe1 cxd3 28. cxd3 d4 29. Ne4 Qg7 30. Qxg7+ Kxg7 31. Rxf8 Rxf8 32. Rc1 Bxe4 33. Bxe4 Rf2 34. Rc6 Ng5 35. Rd6 Nxe4 36. dxe4 Rxb2 37. Rxd4 Rxa2 38. g5 Ra4 39. Rd7+ Kg8 40. e5 Re4 41. Ra7 Rxe5 42. Rxa6 Rxg5 43. Rb6 Kg7 44. h3 Kh6 45. Rb7 Rf5 46. Kg2 g5 47. Kg3 Kg6 48. Rb6+ Kh5 49. Rb7 h6 50. Rb6 Rc5 51. Kg2 Rc2+ 52. Kf3 Rb2 53. Kg3 Rb3+ 54. Kg2 b4 55. Kh2 Rb1 56. Kg2 b3 57. Kh2 b2 58. Kg2 g4 59. Rb5+ Kh4 60. hxg4 Kxg4 61. Rb4+ Kg5 62. Kh2 h5 63. Rb3 h4 64. Rb5+ Kf4 65. Rb8 Ke5 66. Re8+ Kd6 67. Rb8 Kc6 68. Rb3 Kc5 69. Rb8 h3 70. Rb7 1/2-1/2